[Event "Velammal-AICF Women GM 2019"]
[Site "Chennai"]
[Date "2019.02.01"]
[Round "7"]
[White "Munguntuul, Batkhuyag"]
[Black "Varshini, V."]
[Result "1-0"]
[WhiteElo "2428"]
[BlackElo "2171"]
[Annotator "TA"]
[PlyCount "129"]
[EventDate "2019.01.28"]
[EventType "swiss"]
[EventCountry "IND"]
[SourceTitle "playchess.com"]
[Source "ChessBase"]
[SourceQuality "1"]

{[%evp 14,129,0,0,0,6,0,-4,36,27,50,54,54,51,52,52,54,49,58,57,77,82,86,61,68,42,62,63,68,13,37,51,68,80,77,79,78,71,93,73,109,76,84,64,100,80,104,83,100,61,77,75,74,108,113,113,118,11,150,153,148,139,145,147,259,260,262,276,269,261,263,262,252,262,264,136,122,129,123,139,150,126,146,49,112,110,120,98,85,71,62,66,71,66,71,79,67,76,327,327,304,319,312,300,291,276,391,384,347,321,377,312,6270,5953,5612,4602,997,713]} 1. e4 c5 2. Nf3 d6 3. d4 cxd4 4. Nxd4 Nf6 5. Nc3 a6 6. Be2 e5 7. Nf3 Be7 8. Bg5 Be6 {B92: Sicilian Najdorf: 6 Be2} (8... Nbd7 9. a4 h6 10. Be3 Ng4 11. Bc1 Ngf6 12. O-O Nc5 13. Nd2 O-O 14. b4 Ne6 15. Nc4 Nd4 16. Be3 Nxe2+ 17. Qxe2 {½-½ (40) Giri,A (2783)-Nepomniachtchi,I (2763) St Petersburg 2018}) 9. Bxf6 Bxf6 10. Nd5 $146 ({Predecessor:} 10. O-O Nc6 11. Nd5 Bxd5 {0-1 (40) Priyanka,K (2207)-Arpita,M (2090) Jaipur 2018}) 10... Bxd5 {The position is equal.} 11. Qxd5 Nc6 12. O-O Qc7 13. c3 O-O 14. Rfd1 Rad8 15. Bc4 Ne7 16. Qd3 Ng6 17. g3 Qc8 18. Ne1 Bg5 19. Ng2 Kh8 20. Bd5 Ne7 21. h4 (21. Qc4 $14) 21... Bh6 (21... Nxd5 {is interesting.} 22. Qxd5 Bh6 23. Rf1 g6 24. Rad1 b5) 22. Qc4 Qxc4 23. Bxc4 g6 24. Bd5 Rd7 25. Rd3 Nc8 26. Rad1 Re7 27. Ne1 f5 28. Nc2 Nb6 29. Bb3 Nc8 30. f3 Ree8 31. Bd5 Re7 32. Kg2 Nb6 33. Bb3 fxe4 34. fxe4 d5 35. Rf1 ({Don't do} 35. exd5 Ref7 $14) (35. Bxd5 $16 {next Bb3 is good for White.} Nxd5 36. Rxd5) 35... dxe4 (35... Rxf1 $11 36. Kxf1 dxe4) 36. Rxf8+ $16 Bxf8 37. Rd8 Kg7 {[#]} 38. h5 $1 {[%mdl 512]} a5 {[#]} (38... Nd7 $16) (38... gxh5 39. Ne3) 39. h6+ $1 $18 {[%mdl 576] Deflection} Kxh6 40. Rxf8 a4 41. Bg8 Rd7 42. Rf2 Kg7 43. Be6 Rd6 {[#]} 44. Bg4 (44. Bf7 $1 $18) 44... Nc4 $16 45. b3 axb3 46. axb3 Nd2 47. b4 Rd3 48. Re2 (48. Ne1 $16 Rd6 49. Bc8) 48... Nb1 ({Black should play} 48... Nc4 $14) 49. Ne1 ({Don't play} 49. Rxe4 $6 Nxc3 50. Rxe5 Rd2+ 51. Kf3 Rxc2 $11) 49... Rxc3 50. Rxe4 Kf6 51. Nf3 Rc2+ 52. Kg1 Nc3 53. Rxe5 {Strongly threatening Re6+.} Ne2+ {[#]} 54. Kf2 $1 Nd4+ 55. Ke3 Nxf3 $4 {[%mdl 12288] Endgame KRB-KRN} (55... Rc4 $16) 56. Re6+ $18 Kf7 57. Kxf3 {KRB-KR} h5 58. Bh3 Rc3+ 59. Re3 Rc2 (59... Rc6 $142 60. Rd3 Rb6) 60. Be6+ Kf6 61. Bd5 Rc7 62. Re6+ Kg5 $2 (62... Kf5 63. Rb6 Rc3+ 64. Kf2 g5 65. Rxb7 Ke5) 63. Be4 {[%csl Ge4][%cal Re6g6] White is clearly winning.} Rg7 64. Rb6 Rf7+ 65. Kg2 {Accuracy: White = 60%, Black = 46%.} 1-0

[Event "Velammal-AICF Women GM 2019"]
[Site "Chennai"]
[Date "2019.02.01"]
[Round "7"]
[White "Munguntuul, Batkhuyag"]
[Black "Varshini, V."]
[Result "*"]
[WhiteElo "2428"]
[BlackElo "2171"]
[Annotator "TA"]
[PlyCount "33"]
[EventDate "2019.01.28"]
[EventType "swiss"]
[EventCountry "IND"]
[SourceTitle "playchess.com"]
[Source "ChessBase"]
[SourceQuality "1"]

{[%evp 14,15,0,-3]} 1. e4 c5 2. Nf3 d6 3. d4 cxd4 4. Nxd4 Nf6 5. Nc3 a6 6. Be2 e5 7. Nf3 Be7 8. Bg5 {Predecessor:} Nbd7 $146 9. a4 h6 10. Be3 Ng4 11. Bc1 Ngf6 12. O-O Nc5 13. Nd2 O-O 14. b4 Ne6 15. Nc4 Nd4 16. Be3 Nxe2+ 17. Qxe2 {½-½ (40) Giri,A (2783)-Nepomniachtchi,I (2763) St Petersburg 2018} *

[Event "Velammal-AICF Women GM 2019"]
[Site "Chennai"]
[Date "2019.02.01"]
[Round "7"]
[White "Aakanksha Hagawane"]
[Black "Osmak, Iulija"]
[Result "1/2-1/2"]
[WhiteElo "2259"]
[BlackElo "2394"]
[Annotator "TA"]
[PlyCount "110"]
[EventDate "2019.01.28"]
[EventType "swiss"]
[EventCountry "IND"]
[SourceTitle "playchess.com"]
[Source "ChessBase"]
[SourceQuality "1"]

{[%evp 9,110,-14,1,-4,0,0,6,0,6,-3,0,-9,-7,-1,-4,-12,11,2,10,7,23,17,8,16,16,14,14,0,0,0,0,0,-7,-9,-8,-8,-7,-13,-7,-12,-9,-34,-32,-22,-22,-29,-27,-29,-5,-20,-12,-31,-29,-27,-11,-11,0,-38,0,-14,-14,-36,-33,-26,-26,-38,0,0,0,0,0,0,0,0,0,0,0,0,0,0,0,0,0,0,0,0,0,0,0,0,0,0,0,0,0,0,0,0,0,0,0,0,0]} 1. e4 e6 2. d4 d5 3. Bd3 dxe4 4. Bxe4 Nf6 5. Bf3 Nbd7 (5... c5 6. Ne2 Nc6 7. Be3 Nd5 8. Bxd5 Qxd5 9. Nbc3 Qxg2 10. Rg1 Qf3 11. Nb5 Rb8 12. dxc5 Bd7 13. Nc7+ Kd8 14. Nb5 {0-1 (54) Kramnik,V (2808)-Caruana,F (2808) Stavanger 2017}) 6. Ne2 {C01: French: Exchange Variation} e5 {[#] ...e4 is the strong threat.} 7. Nbc3 $146 ({Predecessor:} 7. O-O Bd6 8. Ng3 O-O 9. Nc3 exd4 {1-0 (17) Armbrust,F (2320)-Borik,O (2353) Germany 2018}) 7... Bd6 8. Ng3 exd4 9. Qxd4 O-O 10. O-O Ne5 11. Be2 Ng6 ({Predecessor:} 11... Re8 12. Bf4 Bd7 13. Rad1 h6 14. Bb5 a6 15. Bxd7 Qxd7 16. Nce4 Nxe4 17. Bxe5 {1-0 (17) Armbrust,F (2320)-Borik,O (2353) Germany 2018}) 12. Rd1 Be6 13. Bg5 Be7 14. Qe3 Nd7 15. Nce4 Re8 16. Bxe7 Qxe7 17. Ng5 Ndf8 18. Bf3 c6 19. Nxe6 Nxe6 20. Qc3 Nh4 21. Bg4 Nf4 22. Rd7 Qg5 23. Bf3 $1 Re7 24. Rxe7 Qxe7 25. Re1 Nxf3+ 26. gxf3 Qd7 {[#] ( -> ...Qh3)} 27. Qe5 Ng6 28. Qe4 h6 29. Nf5 Rd8 30. Ne7+ Nxe7 31. Qxe7 $15 {[%mdl 4096] Endgame KQR-KQR} Qd2 32. Re2 Qa5 33. a3 Qb6 34. c4 c5 35. h3 Qg6+ 36. Kh2 Rd1 {[%csl Gd1][%cal Rg6g1]} 37. Re1 $1 {[%cal Re1d1]} Rxe1 (37... Qc2 {keeps more tension.} 38. Kg2 Rxe1 39. Qxe1 Qxc4 40. Qe8+ Kh7) 38. Qxe1 {KQ-KQ. The position is equal.} Qd6+ 39. Kg2 Qg6+ 40. Kh2 Qd6+ 41. Kg2 f5 42. Qe8+ Kh7 43. Qc8 Qg6+ 44. Kh2 b6 45. Qd7 a5 46. b3 Qf6 47. Qd5 Kg6 48. Kg2 Qg5+ 49. Kh2 Qf4+ 50. Kg2 Qg5+ 51. Kh2 Qf4+ 52. Kg2 Kh5 53. Qe6 Qg5+ 54. Kh2 Qf4+ 55. Kg2 Qg5+ {Accuracy: White = 71%, Black = 71%.} 1/2-1/2

[Event "Velammal-AICF Women GM 2019"]
[Site "Chennai"]
[Date "2019.02.01"]
[Round "7"]
[White "Sapale Saloni"]
[Black "Franco Valencia, Angela"]
[Result "*"]
[WhiteElo "2198"]
[BlackElo "2107"]
[Annotator "TA"]
[PlyCount "30"]
[EventDate "2019.01.28"]
[EventType "swiss"]
[EventCountry "IND"]
[SourceTitle "playchess.com"]
[Source "ChessBase"]
[SourceQuality "1"]

{[%evp 11,12,30,43]} 1. e4 e5 2. Nf3 Nc6 3. Bb5 a6 4. Ba4 d6 5. c3 Bd7 6. d4 g6 {Predecessor:} 7. O-O $146 Bg7 8. Bg5 Nf6 9. Nbd2 h6 10. Bh4 b5 11. Bc2 O-O 12. Nb3 exd4 13. cxd4 g5 14. Bg3 Nh5 15. a3 Ne7 {½-½ (39) Firouzja,A (2607)-Wang,H (2730) St Petersburg 2018} *

[Event "Velammal-AICF Women GM 2019"]
[Site "Chennai"]
[Date "2019.02.01"]
[Round "7"]
[White "Sapale Saloni"]
[Black "Franco Valencia, Angela"]
[Result "1/2-1/2"]
[WhiteElo "2198"]
[BlackElo "2107"]
[Annotator "TA"]
[PlyCount "113"]
[EventDate "2019.01.28"]
[EventType "swiss"]
[EventCountry "IND"]
[SourceTitle "playchess.com"]
[Source "ChessBase"]
[SourceQuality "1"]

{[%evp 11,113,37,41,32,42,41,52,-20,5,-16,0,-5,33,27,20,33,57,56,29,33,42,-18,-30,-15,-17,-74,-14,-35,-14,-31,31,22,41,-25,0,-3,-20,-68,144,64,150,133,133,128,130,141,228,221,214,120,117,121,114,113,214,154,189,180,231,222,289,279,413,183,397,369,357,376,544,534,508,471,439,90,123,50,77,80,165,164,150,149,177,113,118,45,66,61,227,66,304,304,275,250,251,8,59,59,55,52,52,52,47,45]} 1. e4 e5 2. Nf3 Nc6 3. Bb5 a6 $146 ({Predecessor:} 3... g6 4. c3 a6 5. Ba4 d6 6. d4 {1-0 (50) Radjabov,T (2738)-Romanov,E (2573) Berlin 2015}) 4. Ba4 d6 5. c3 Bd7 6. d4 g6 7. Bg5 {C76: Ruy Lopez: Deferred Steinitz: 5 c3 Bd7 6 d4 g6} f6 8. Be3 Bg7 9. Qc1 (9. O-O $14) ({Predecessor:} 9. O-O Nh6 10. dxe5 fxe5 11. Bb3 Na5 12. Bd5 c6 13. Bb3 Bg4 14. Nbd2 Nxb3 15. Qxb3 Qe7 16. Ng5 Nf7 17. f3 Bh6 18. fxg4 Bxg5 19. Bxg5 Nxg5 {1-0 (50) Radjabov,T (2738)-Romanov,E (2573) Berlin 2015}) 9... Qe7 10. Bc2 exd4 11. Nxd4 Ne5 12. O-O Nc4 13. Bf4 g5 14. Nd2 Ne5 15. Be3 Nh6 16. Nf5 ({White should play} 16. h3 $14) 16... Nxf5 $11 17. exf5 h5 18. Nb3 (18. Qd1 $11) 18... g4 (18... h4 $17 19. h3 O-O-O) 19. Re1 O-O-O 20. Bf4 h4 (20... Qf7 $15) 21. Qe3 $14 {Strongly threatening Qa7.} Kb8 22. Na5 (22. h3 $1 $14) 22... Qf7 23. Bb3 d5 24. Qd4 Bb5 $2 (24... Bxf5 $15 {keeps the upper hand.} 25. Qb4 b6 26. Nc6+ {[%mdl 64] Double Attack} Kb7 27. Nxd8+ (27. Bxe5 fxe5 28. Nxe5 Bxe5 $15) 27... Rxd8) 25. a4 (25. Rad1 $16) 25... Bc4 (25... Bc6 $14) 26. Bxc4 dxc4 27. Qe4 $40 {[%csl Ga5][%cal Re4b7][%mdl 128] White goes for the king.} Rd5 28. Bxe5 fxe5 (28... Rxa5 $16 29. Bf4 Bh6) 29. Nxc4 $18 g3 30. Rad1 (30. hxg3 $18 hxg3 31. fxg3) 30... gxf2+ $16 31. Kxf2 Rxd1 32. Rxd1 Qf6 (32... Rf8 $16 {was called for.}) 33. Kg1 Rh5 34. Ne3 Qb6 (34... Qe7 $142 35. b4 h3) 35. Kh1 $18 h3 36. g4 Rh4 (36... Rg5 $142 37. b4 Bh6) 37. Rd8+ Ka7 38. Nc4 Qh6 39. Qe3+ $1 b6 (39... Qxe3 {is a better defense.} 40. Nxe3 Bh6) 40. Qxh6 Bxh6 41. Nxe5 {[%mdl 4096] Endgame KRB-KRN} Bg7 {[#]} 42. Ng6 $2 (42. Nc6+ $1 $18 Kb7 43. Rg8) 42... Rxg4 $16 {[#]} 43. Rd7 (43. Rd3 $1 $16) 43... Rxa4 {( -> ...Ra1+)} 44. Kg1 Bh6 (44... Bf6 $16 {was necessary.}) 45. Rxc7+ $18 Kb8 46. Rh7 Bc1 47. Rxh3 (47. b3 $18 Ra5 48. Ne7 (48. Rxh3 Rxf5 49. Ne7 Rf7 $14)) 47... Bxb2 $16 48. Rf3 (48. Kf2 $16) 48... a5 49. Kf2 Rc4 $2 (49... Rg4 $1 $14) 50. f6 $18 {Threatens to win with f7.} a4 $2 ({Black should try} 50... Bxc3 $14 51. f7 Bb4) 51. f7 Ba3 52. Ke2 Rg4 53. c4 $2 (53. Rg3 $18 Re4+ 54. Kd3) 53... Bc5 ({Better is} 53... Rg2+ $11 54. Kf1 Rxg6 55. Rxa3 Rf6+ 56. Kg2 Rxf7) 54. f8=Q+ $14 {White is slightly better.} Bxf8 55. Nxf8 {aiming for Kd3.} Rxc4 56. Ng6 Rc2+ 57. Kd3 {Accuracy: White = 49%, Black = 31%.} 1/2-1/2

[Event "Velammal-AICF Women GM 2019"]
[Site "Chennai"]
[Date "2019.02.01"]
[Round "7"]
[White "Michelle Catherina, P."]
[Black "Uuriintuya, Uurtsaikh"]
[Result "1-0"]
[WhiteElo "2175"]
[BlackElo "2314"]
[Annotator "TA"]
[PlyCount "85"]
[EventDate "2019.01.28"]
[EventType "swiss"]
[EventCountry "IND"]
[SourceTitle "playchess.com"]
[Source "ChessBase"]
[SourceQuality "1"]

{[%evp 21,85,29,60,60,48,54,52,57,105,75,99,60,60,53,56,50,73,42,63,50,59,59,81,74,152,139,146,151,142,60,185,139,149,130,217,154,150,129,193,206,220,89,216,206,193,101,106,90,448,183,190,39,269,-62,-62,-66,-57,-52,-65,-106,-106,-80,-69,-100,-102,-1720]} 1. e4 c5 2. Nf3 d6 ({Predecessor:} 2... e6 3. d4 cxd4 4. Nxd4 Nf6 5. Nc3 d6 6. Bg5 {1-0 (41) Zill,C (2198)-Brem,S (2063) Bayern 2006}) 3. d4 cxd4 4. Nxd4 Nf6 5. Nc3 Nc6 6. Bg5 e6 7. Qd2 a6 8. O-O-O Bd7 9. f4 $146 (9. Be2 Be7 {½-½ (54) Serner,A (2463)-Janosi,E (2430) ICCF email 2003}) ({Predecessor:} 9. Be2 Be7 {1-0 (41) Zill,C (2198)-Brem,S (2063) Bayern 2006}) 9... Be7 10. Be2 b5 11. Bxf6 ({Predecessor:} 11. Nxc6 Bxc6 12. Bxf6 {1-0 (41) Zill,C (2198)-Brem,S (2063) Bayern 2006}) 11... gxf6 12. Nxc6 {B68: Sicilian: Richter-Rauzer: 7...a6 8 0-0-0 Bd7 9 f4 Be7} (12. f5 Qa5 13. Nb3 Qc7 14. fxe6 fxe6 15. Bh5+ Kd8 16. Ne2 Kc8 17. Nf4 Kb8 18. Bg4 Nd8 19. Qe3 Rg8 {½-½ (54) Serner,A (2463)-Janosi,E (2430) ICCF email 2003}) 12... Bxc6 13. Bf3 Qa5 14. Kb1 {White is slightly better.} h5 ({Predecessor:} 14... Rc8 15. f5 b4 16. Ne2 e5 17. g4 Qc5 18. h4 h6 {1-0 (41) Zill,C (2198)-Brem,S (2063) Bayern 2006}) 15. Rhe1 Rd8 16. Qe3 b4 17. Ne2 Qc5 18. Nd4 Bb7 19. Qe2 Rc8 20. Nb3 Qb6 21. Bxh5 Kf8 22. Nd4 Qa5 ({Black should play} 22... d5) 23. Bg4 $16 Qb6 24. h3 a5 25. Qb5 ({Better is} 25. Qe3 $1 $16 Qa6 26. Be2) 25... Qa7 (25... Qxb5 $14 26. Nxb5 Rc4) 26. Qd3 Ba6 27. Qd2 Qb8 (27... Qb6 $16 28. Qe3 Ke8) 28. Be2 Bb7 29. Bf3 Ba6 (29... Qc7 $16 30. h4 Rd8) 30. e5 $18 {[%mdl 64] Decoy} dxe5 31. Nc6 (31. fxe5 $18 Bb5 32. exf6 Bxf6 33. Bg4) 31... Qc7 (31... Rxc6 $16 32. Bxc6 exf4) 32. fxe5 fxe5 33. Nxe5 (33. Nxe7 $18 Kxe7 34. Qg5+ Ke8 35. Qf6 (35. Rxe5 Bb7 $18)) 33... Bb5 $16 34. Bg4 {Bxe6! is the strong threat.} Rh7 $2 {[%mdl 8192] [#]} (34... Bf6 $16 35. Nxf7 Kxf7) 35. Qf2 (35. Nxf7 $142 $1 {[%mdl 512]} Ba4 (35... Kxf7 36. Bxe6+) 36. Ka1 (36. Bxe6 Bxc2+ 37. Ka1 Bxd1 $16) 36... Qxc2 37. Ng5 {[%mdl 64] Double Attack} (37. Bxe6 Qxd2 38. Rxd2 Rc2 $16) 37... Qxd2 38. Nxh7+ Kg7 39. Rxd2) 35... Kg8 36. Bf3 $2 (36. Nxf7 $1 $18 Ba4 37. b3 (37. Bxe6 Qxc2+ 38. Qxc2 Bxc2+ 39. Ka1 Rxf7 $16)) 36... Bf6 $2 {[#]} (36... Qc5 $14 37. Qxc5 Rxc5) 37. Nd3 $2 ({White must play} 37. Bb7 $1 $18 {[%mdl 512]} Bxe5 (37... Qxb7 38. Qxf6) 38. Bxc8) 37... Bh4 $15 38. g3 Bxg3 39. Rg1 Rg7 40. Qe2 {[#]} a4 $1 {[%cal Ba5a4,Ba4a3][%mdl 32]} 41. Qd2 a3 42. b3 Bxd3 43. cxd3 $4 {[%mdl 40960] Accuracy: White = 37%, Black = 35%. . Loss on time!?} (43. Qxd3 $17 f5 44. c4) 1-0

[Event "Velammal-AICF Women GM 2019"]
[Site "Chennai"]
[Date "2019.02.01"]
[Round "7"]
[White "Michelle Catherina, P."]
[Black "Uuriintuya, Uurtsaikh"]
[Result "*"]
[WhiteElo "2175"]
[BlackElo "2314"]
[Annotator "TA"]
[PlyCount "36"]
[EventDate "2019.01.28"]
[EventType "swiss"]
[EventCountry "IND"]
[SourceTitle "playchess.com"]
[Source "ChessBase"]
[SourceQuality "1"]

{[%evp 16,17,49,38]} 1. e4 c5 2. Nf3 d6 $146 ({Predecessor:} 2... Nc6 3. Nc3 d6 4. d4 cxd4 5. Nxd4 {1-0 (32) Aronian,L (2765)-Le,Q (2714) St Petersburg 2018}) 3. d4 cxd4 4. Nxd4 Nf6 5. Nc3 Nc6 6. Bg5 e6 7. Qd2 a6 8. O-O-O Bd7 9. f4 {Predecessor:} Be7 10. Nf3 b5 11. Kb1 b4 12. Bxf6 Bxf6 13. Ne2 Be7 14. f5 e5 15. Ng3 Qa5 16. Bc4 Qc5 17. Bd5 Rc8 18. Nh5 g6 {1-0 (32) Aronian,L (2765)-Le,Q (2714) St Petersburg 2018} *

[Event "Velammal-AICF Women GM 2019"]
[Site "Chennai"]
[Date "2019.02.01"]
[Round "7"]
[White "Divya Deshmukh"]
[Black "Nakhbayeva, Guliskhan"]
[Result "*"]
[WhiteElo "2168"]
[BlackElo "2336"]
[Annotator "TA"]
[PlyCount "29"]
[EventDate "2019.01.28"]
[EventType "swiss"]
[EventCountry "IND"]
[SourceTitle "playchess.com"]
[Source "ChessBase"]
[SourceQuality "1"]

{[%evp 9,9,-8]} 1. d4 Nf6 2. Bg5 d5 3. e3 c5 4. Bxf6 gxf6 5. Nc3 {Predecessor:} Nc6 $146 6. Qh5 e6 7. dxc5 Bxc5 8. Bd3 f5 9. Nge2 Qf6 10. O-O-O Bd7 11. Nf4 O-O-O 12. Kb1 d4 13. exd4 Bxd4 14. Nb5 Bxb2 15. Qxf7 {½-½ (55) Vitiugov,N (2725)-Bacrot,E (2697) Berlin 2015} *

[Event "Velammal-AICF Women GM 2019"]
[Site "Chennai"]
[Date "2019.02.01"]
[Round "7"]
[White "Divya Deshmukh"]
[Black "Nakhbayeva, Guliskhan"]
[Result "1/2-1/2"]
[WhiteElo "2168"]
[BlackElo "2336"]
[Annotator "TA"]
[PlyCount "148"]
[EventDate "2019.01.28"]
[EventType "swiss"]
[EventCountry "IND"]
[SourceTitle "playchess.com"]
[Source "ChessBase"]
[SourceQuality "1"]

{[%evp 10,148,0,-11,-6,-2,17,0,62,76,84,79,205,208,200,22,45,39,39,33,106,106,157,160,167,45,46,38,49,27,37,-11,-16,-9,-5,-5,8,12,23,21,14,22,108,114,120,121,168,164,155,159,167,161,186,139,199,197,204,197,217,224,221,227,221,224,277,211,339,337,737,287,277,286,320,328,321,321,420,419,402,375,527,527,890,832,803,708,1400,991,1737,1566,1527,0,0,0,0,0,0,0,0,0,0,0,0,0,0,0,0,0,0,0,0,0,0,0,0,0,0,0,0,0,0,0,0,0,0,0,0,0,0,0,0,0,0,0,0,0,0,0,0,0,0]} 1. d4 Nf6 2. Bg5 d5 3. e3 c5 4. Bxf6 gxf6 5. Nc3 Nc6 ({Predecessor:} 5... e6 6. Qh5 {½-½ (25) Claridge,J (2232)-Burnet,L (2327) ICCF email 2015}) 6. Qh5 e6 {D01: Veresov Opening} 7. O-O-O $146 (7. dxc5 Bxc5 8. Bd3 f5 9. Nge2 Qf6 10. O-O-O Bd7 11. Nf4 O-O-O 12. Kb1 d4 13. exd4 Bxd4 14. Nb5 Bxb2 15. Qxf7 {½-½ (55) Vitiugov,N (2725)-Bacrot,E (2697) Berlin 2015}) 7... f5 8. Nge2 c4 (8... cxd4 $11 9. Nxd4 Nxd4 10. exd4 (10. Rxd4 Bg7 $11) 10... Bd7) ({Predecessor:} 8... cxd4 9. exd4 Bd7 10. Kb1 Qb6 11. h4 Ne7 12. Nf4 Ng6 13. Nxg6 fxg6 {½-½ (25) Claridge,J (2232)-Burnet,L (2327) ICCF email 2015}) 9. g4 $14 fxg4 10. e4 {[%cal Re4d5]} Be7 (10... Rg8 $16) 11. exd5 $18 exd5 12. Qxd5 $2 (12. Kb1 $18) 12... Bg5+ $11 13. Kb1 {Black must now prevent Qe4+.} Qxd5 14. Nxd5 O-O ({Black should play} 14... Bf5 $1 $14) 15. Bg2 Bf5 (15... Ne7 $142) 16. Ng3 $16 Bg6 17. f4 ({Better is} 17. h4 $18 gxh3 18. Rxh3) 17... gxf3 $1 $14 18. Bxf3 {[#] Threatens to win with h4.} Bh4 $1 19. Nf4 Rad8 20. Nxg6 (20. d5 $5 {[%cal Rd5c6]} Ne5 21. Be2 $11) 20... fxg6 21. Be2 b5 22. c3 Rf2 23. Bg4 Kg7 24. Rdf1 Rxf1+ 25. Rxf1 Nxd4 (25... Bxg3 $11 {keeps the balance.} 26. hxg3 Rd6) 26. cxd4 $16 {And now Ne2 would win.} Rxd4 27. Be6 Rd2 28. Rf7+ Kh6 29. Nf1 Re2 30. Bg4 Rg2 31. Bf3 Rg1 (31... Rf2 $16) 32. Bc6 $18 b4 33. Kc2 a5 34. Ne3 c3 35. bxc3 Bg5 36. Nd1 Rg4 37. Bd7 Re4 (37... Rg2+ $142 38. Rf2 Rxf2+ 39. Nxf2 bxc3 40. Kxc3 Bf4) 38. Kd3 bxc3 $2 (38... Re7) 39. Nxc3 $2 (39. Kxe4 c2 40. Nf2) 39... Re3+ 40. Kc4 Bh4 41. a4 Re1 42. Nd5 Bg5 43. Nf6 Bxf6 44. Rxf6 {[%mdl 4096] Endgame KRB-KR} Kg5 (44... Rd1 {was called for.} 45. Bb5 Rd2) 45. Ra6 Re5 46. Kd4 Re2 47. Rxa5+ Kf4 48. Rd5 Rxh2 49. a5 Ra2 50. Bc8 $2 (50. Kc3 $18 Kg3 51. Kb3) 50... Rd2+ $11 {The position is equal.} 51. Kc5 Rc2+ 52. Kb6 Rxc8 {KR-KR} 53. a6 h5 54. Kb7 Re8 55. Rc5 h4 56. Rc4+ Kg3 57. a7 h3 58. Rc3+ Kg4 {[#] ...h2 is the strong threat.} 59. Rc4+ $1 Kg3 60. Rc3+ Kg4 61. Rc4+ $1 Kh5 {aiming for ...h2.} 62. Rc3 $1 Re7+ 63. Rc7 h2 64. Rxe7 {Threatening mate with Kb6.} h1=Q+ {KQ-KR} 65. Kb8 {Rh7+ would kill now.} Qh2+ 66. Rc7 Qb2+ 67. Kc8 {Strongly threatening Rh7+.} Qa3 68. Kb8 Qb4+ 69. Kc8 Qa5 70. Kb8 Qb6+ 71. Kc8 {Hoping for Rh7+.} Qa6+ 72. Kb8 Qb5+ 73. Kc8 Qa6+ 74. Kb8 Qb6+ {Accuracy: White = 66%, Black = 33%.} 1/2-1/2

[Event "Velammal-AICF Women GM 2019"]
[Site "Chennai"]
[Date "2019.02.01"]
[Round "7"]
[White "Chandreyee, Hajra"]
[Black "Babiy, Olga"]
[Result "*"]
[WhiteElo "1925"]
[BlackElo "2275"]
[Annotator "TA"]
[PlyCount "37"]
[EventDate "2019.01.28"]
[EventType "swiss"]
[EventCountry "IND"]
[SourceTitle "playchess.com"]
[Source "ChessBase"]
[SourceQuality "1"]

{[%evp 17,18,0,2]} 1. e4 c5 2. Nf3 e6 3. d4 cxd4 4. Nxd4 Nc6 5. Nc3 Qc7 $146 ({Predecessor:} 5... a6 6. a3 Qc7 7. Be3 b5 8. Be2 Bb7 {1-0 (63) Savchenko,B (2602)-Dubov,D (2624) Moscow 2013}) 6. Be2 a6 7. O-O b5 8. a3 Bb7 9. Be3 Nf6 {Predecessor:} 10. f4 d6 11. Bf3 Be7 12. f5 Nxd4 13. Qxd4 O-O 14. fxe6 fxe6 15. Rad1 Nd7 16. Bg4 Nc5 17. b4 e5 18. Nd5 Rxf1+ 19. Rxf1 {1-0 (63) Savchenko,B (2602)-Dubov,D (2624) Moscow 2013} *

[Event "Velammal-AICF Women GM 2019"]
[Site "Chennai"]
[Date "2019.02.01"]
[Round "7"]
[White "Chandreyee, Hajra"]
[Black "Babiy, Olga"]
[Result "0-1"]
[WhiteElo "1925"]
[BlackElo "2275"]
[Annotator "TA"]
[PlyCount "104"]
[EventDate "2019.01.28"]
[EventType "swiss"]
[EventCountry "IND"]
[SourceTitle "playchess.com"]
[Source "ChessBase"]
[SourceQuality "1"]

{[%evp 18,104,9,-16,20,20,23,24,42,-32,-31,-32,-22,-25,0,0,0,-97,-94,-94,-94,-91,-93,-89,-79,-125,-78,-124,-98,-100,-99,-96,-78,-80,-65,-70,-10,-16,-3,-37,-33,-103,-105,-102,-92,-101,-108,-124,-113,-125,-125,-127,-121,-127,-120,-132,-132,-139,-139,-197,-98,-150,-152,-154,-164,-168,-158,-200,-187,-293,-204,-243,-195,-194,-186,-29967,-29970,-29970,-29971,-5243,-713,-713,-706,-1159,-1081,-29976,-29977,-29990,-29991]} 1. e4 c5 2. Nf3 e6 3. d4 cxd4 4. Nxd4 Nc6 5. Nc3 Qc7 6. Be2 a6 7. O-O b5 $146 ({Predecessor:} 7... Nf6 8. a3 b5 9. Be3 {0-1 (39) Wieclaw,M (2193)-Warszawski,B (2330) Wysowa 2005}) 8. a3 Bb7 9. Be3 Nf6 10. Kh1 b4 {B49: Sicilian: Taimanov: 5 Nc3 Qc7 6 Be3 a6 7 Be2} 11. axb4 Bxb4 12. Nxc6 Qxc6 {White has an edge.} ({Predecessor:} 12... Bxc6 13. Qd4 Qb7 14. f3 d6 15. Bg5 Bc5 16. Qc4 O-O 17. e5 Nd7 18. exd6 Bxd6 {0-1 (39) Wieclaw,M (2193)-Warszawski,B (2330) Wysowa 2005}) 13. Bf3 (13. f3 $14) 13... Bxc3 $15 14. e5 Nd5 15. bxc3 Qxc3 (15... Qc7 {is interesting.} 16. Bd4 O-O 17. Qd2 a5 18. c4 Qxc4 19. Rfb1 Qc7) 16. Bd4 Qc7 17. Bxd5 (17. c4 $11 {keeps the balance.} Qxc4 18. Rc1) 17... Bxd5 $17 18. Ra3 O-O 19. Rg3 Be4 20. h4 {White wants to play Qg4.} Bf5 21. Qd2 Kh8 22. Be3 Qxc2 23. Qxd7 Bg6 24. Rc1 Qe4 (24... Qf5 {looks sharper.} 25. Rg5 Qe4 26. Qd4 a5 27. Qxe4 Bxe4 28. Rg4 Bd5) 25. Qd4 Qxd4 (25... a5 {with more complications.} 26. h5 Rfd8 27. Qxe4 Bxe4 28. Bc5 a4) 26. Bxd4 a5 (26... Rfd8 $15 27. Rc4 Bh5) 27. Ra3 $11 Ra6 28. Rca1 Rfa8 $36 {[%mdl 2048] Black fights for an advantage.} 29. Bc3 (29. f3 $15) 29... a4 $17 30. Bb4 Be4 31. f3 Bd5 32. Rc3 h5 33. Kh2 Rb6 34. Bd6 Rb2 35. Kh3 Kh7 36. g4 hxg4+ 37. fxg4 Ra7 38. h5 {[#]} (38. g5 $17) 38... Re2 (38... g5 $1 $19 {has better winning chances.} 39. Re3 Rab7) 39. g5 ({White should play} 39. Rb1) 39... Be4 40. Kg3 Rg2+ 41. Kf4 {[#]} Bf5 $1 42. Rg3 Rh2 43. h6 (43. g6+ $142 Kh6 44. Kf3) 43... Rb7 ({Weaker is} 43... gxh6 44. gxh6 Kxh6 45. Bf8+ Kh7 46. Bd6 $17) 44. Rc3 Rh4+ 45. Ke3 Rb3 46. Ra3 $2 (46. Rac1 $19) 46... Rh3+ 47. Kd4 Rhxc3 48. Rxa4 Rd3+ 49. Kc5 Rbc3+ 50. Kb6 Rd1 51. Bf8 Rb1+ 52. Ka7 Rc7+ {Accuracy: White = 44%, Black = 61%.} 0-1